[Event "WYCC Boys U16"]
[Site "Vung Tau City VIE"]
[Date "2008.10.22"]
[Round "3"]
[White "Tan Weiliang"]
[Black "Wageih,K"]
[Result "1/2-1/2"]
[WhiteElo "2040"]
[BlackElo "2197"]

1.e4 c5 2.Nf3 e6 3.d4 cxd4 4.Nxd4 a6 5.Bd3 Qc7 6.Qe2 Nc6 7.Nxc6 dxc6 8.e5 Bc5
9.O-O Ne7 10.Kh1 b5 11.f4 Bb7 12.Nd2 Nd5 13.c3 Be7 14.a4 Nb6 15.axb5 cxb5
16.Qg4 g6 17.Ne4 O-O-O 18.Qe2 Qc6 19.Be3 Rxd3 20.Qxd3 Rd8 21.Bd4 Nd7 22.Qe2 Qxe4
23.Qxe4 Bxe4 24.Rxa6 Bc5 25.h3 Nb8 26.Ra5 Bxd4 27.cxd4 Nc6 28.Ra8+ Nb8 29.Ra7 Rxd4
30.Rf2 Rd7 31.Rxd7 Nxd7 32.Re2 Bd5 33.Kg1 Kb7 34.Kf2 Kb6 35.Ke3 Nc5 36.b4 Ne4
37.g4 Ng3 38.Rc2 Bc4 39.Kf2 Nf1 40.Rc1 Nd2 41.Ke3 Nb3 42.Rd1 Kc7 43.h4 Bd5
44.Kd3 Kc8 45.Kc3 Bc4 46.h5 Kc7  1/2-1/2

[Event "WYCC Boys U16"]
[Site "Vung Tau City VIE"]
[Date "2008.10.22"]
[Round "3"]
[White "Gritsenko,An"]
[Black "Shimanov,A"]
[Result "0-1"]
[WhiteElo "2380"]
[BlackElo "2476"]

1.e4 c5 2.Nf3 e6 3.d4 cxd4 4.Nxd4 a6 5.Bd3 Nf6 6.O-O Qc7 7.c4 Nc6 8.Nxc6 dxc6
9.Nc3 e5 10.f4 Bc5+ 11.Kh1 Ng4 12.Qf3 Qd8 13.f5 Nf2+ 14.Rxf2 Bxf2 15.Qxf2 Qxd3
16.Be3 f6 17.Rd1 Qxc4 18.Bc5 b6 19.Qd2 Kf7 20.Bxb6 Rb8 21.b3 Qb4 22.Bc7 Rb7
23.Bd6 Qd4 24.Qc2 Qe3 25.Na4 g6 26.Qxc6 Kg7 27.Nc5 Rf7 28.Ne6+ Kh6 29.Qc2 gxf5
30.exf5 Bb7 31.Nc5 Ba8 32.Qc4 Bxg2+  0-1

[Event "WYCC Girls U18"]
[Site "Vung Tau City VIE"]
[Date "2008.10.23"]
[Round "5"]
[White "Gosciniak,M"]
[Black "Gevorgyan,I"]
[Result "1-0"]
[WhiteElo "2161"]
[BlackElo "2179"]

1.e4 c5 2.Nf3 e6 3.d4 cxd4 4.Nxd4 a6 5.Bd3 Nf6 6.O-O Qc7 7.Qe2 d6 8.c4 Nbd7
9.b3 g6 10.Bb2 Bg7 11.Nd2 O-O 12.Rae1 Nh5 13.Ba1 b6 14.Kh1 Bb7 15.f4 Rae8
16.Qf2 Nxf4 17.Qxf4 e5 18.Qf2 exd4 19.Bxd4 Bxd4 20.Qxd4 Qc5 21.Qc3 b5 22.b4 Qe5
23.Qb3 Bc6 24.Nf3 Qg7 25.cxb5 axb5 26.Qc2 Rc8 27.Qe2 Rfe8 28.Bxb5 Qc3 29.Bxc6 Rxc6
30.Qf2 f6 31.b5 Rc5 32.a4 Qb4 33.Ra1 Qxe4 34.Rfe1 Qa8 35.Qa2+ d5 36.Rxe8+ Qxe8
37.h3 Qa8 38.Qe2 Nf8 39.a5 Qc8 40.b6 Rc1+ 41.Rxc1 Qxc1+ 42.Ng1 Qc6 43.Qe7 Nd7
44.Qd8+ Kf7 45.Qc7 Qb5 46.b7 Ke8 47.a6 Qxa6 48.Qxd7+ Kxd7 49.b8=N+  1-0

[Event "WYCC Boys U14"]
[Site "Vung Tau City VIE"]
[Date "2008.10.23"]
[Round "5"]
[White "Galehdari,B"]
[Black "Nakauchi,G"]
[Result "1-0"]
[WhiteElo "1912"]
[BlackElo "2104"]

1.e4 c5 2.Nf3 e6 3.d4 cxd4 4.Nxd4 a6 5.Bd3 Bc5 6.Nb3 Be7 7.c4 d6 8.O-O Nf6
9.Nc3 b6 10.Be3 Bb7 11.Qe2 Nbd7 12.Rac1 Rc8 13.f4 Qc7 14.Rfd1 Qb8 15.Nd4 g6
16.Bb1 Qa8 17.Bd2 Nh5 18.f5 e5 19.Nb3 Nhf6 20.Rf1 a5 21.a4 Ba6 22.Bd3 Rg8
23.fxg6 Rxg6 24.Rf5 Qc6 25.Nb5 Nf8 26.Rc3 Rb8 27.c5 bxc5 28.Nxa5 Qb6 29.Nc4 Qd8
30.Ncxd6+ Bxd6 31.Nxd6+ Qxd6 32.Bxa6 Qd4+ 33.Be3 Qxe4 34.Bd3 Qxa4 35.Rxe5+ Kd8
36.Bxg6 Nxg6 37.Qd2+ Nd7 38.Bg5+ Kc7 39.Rd5 Ngf8 40.Qf4+ Qxf4 41.Bxf4+ Kc6
42.Rd6+ Kb7 43.Rb3+ Ka7 44.Rxb8 Nxb8 45.Rf6 Nfd7 46.Rxf7 Kb6 47.Rxh7 Kc6
48.Bxb8 Nxb8 49.g4  1-0

[Event "Vasylyshyn Mem"]
[Site "Lviv UKR"]
[Date "2008.10.24"]
[Round "5"]
[White "Geller,J"]
[Black "Muzychuk,M"]
[Result "1-0"]
[WhiteElo "2511"]
[BlackElo "2436"]

1.e4 c5 2.Nf3 e6 3.d4 cxd4 4.Nxd4 a6 5.Bd3 Bc5 6.Nb3 Ba7 7.Qg4 Nf6 8.Qg3 d6
9.O-O Nc6 10.Nc3 Ne5 11.Be2 b5 12.Bf4 b4 13.Rad1 Qe7 14.Rxd6 Ng6 15.e5 bxc3
16.exf6 gxf6 17.Bf3 Bb7 18.Na5 Bxf3 19.Qxf3 O-O 20.Nc6 Qb7 21.Bh6 f5 22.Qxc3 e5
23.Nxe5 Rfc8 24.Nc6 f6 25.Rxf6 Rc7 26.Re1 Rac8 27.Re7  1-0

[Event "WYCC Boys U18"]
[Site "Vung Tau City VIE"]
[Date "2008.10.24"]
[Round "6"]
[White "Ashwin,J"]
[Black "Ponizil,C"]
[Result "1-0"]
[WhiteElo "2437"]
[BlackElo "2251"]

1.e4 c5 2.Nf3 e6 3.d4 cxd4 4.Nxd4 a6 5.Bd3 Bc5 6.Nb3 Ba7 7.O-O Nc6 8.c4 d6
9.Nc3 Qh4 10.Qe2 Nf6 11.h3 g5 12.Be3 g4 13.Bxa7 Rxa7 14.Qe3 Rg8 15.Kh1 Nh5
16.Ne2 b6 17.Qxb6 gxh3 18.g3 Qf6 19.f3 Bd7 20.Na5 Nxa5 21.Qxa7 Nxg3+ 22.Nxg3 Rxg3
23.Qb8+ Ke7 24.c5 Nb7 25.Qxb7 Qf4 26.cxd6+ Kf8 27.Rf2 Qxd6 28.Rd1 Bb5 29.Be2 Qf4
30.Qc8+ Kg7 31.Bxb5 h2 32.Qc3+ e5 33.Rxh2  1-0

[Event "WYCC Boys U16"]
[Site "Vung Tau City VIE"]
[Date "2008.10.24"]
[Round "6"]
[White "Kilpatrick,C"]
[Black "Skoda,M"]
[Result "1-0"]
[WhiteElo "2184"]
[BlackElo "2001"]

1.e4 c5 2.Nf3 e6 3.d4 cxd4 4.Nxd4 a6 5.Bd3 Bc5 6.Nb3 Ba7 7.Qe2 Nc6 8.O-O d6
9.Be3 e5 10.Nc3 Nge7 11.Rad1 b5 12.Bxa7 Rxa7 13.a4 b4 14.Nd5 O-O 15.Bc4 a5
16.Nxe7+ Qxe7 17.Rd2 Be6 18.Rfd1 Rd8 19.Bxe6 fxe6 20.Qb5 Qc7 21.Qc4 Nd4 22.Qd3 Nxb3
23.Qxb3 Qe7 24.Qc4 Kf7 25.g3 Qc7 26.Qb5 Rb7 27.Qa6 Qb6 28.Qe2 Qc6 29.Rd3 Rbd7
30.b3 Re7 31.R1d2 Kg8 32.Qd1 Red7 33.Qg4 Re7 34.Qf3 Rf7 35.Qe3 Rfd7 36.c4 h6
37.Qf3 Rf7 38.Qg4 Re7 39.Rf3 Rf8 40.Rfd3 Rd8 41.Qg6 Qc5 42.Rf3 Rf8 43.Rdd3 Rxf3
44.Rxf3 Qd4 45.Qg4 Qd1+ 46.Kg2 Rf7 47.Qh5 Rxf3 48.Qxf3 Qc2 49.h4 Qc3 50.Qd1 Kf7
51.h5 Ke7 52.Qf3 Qd4 53.Qg4 Kf8 54.Qf3+ Ke7 55.Kh3 Qa1 56.Kg4 Qc1 57.Kh4 Qg5+
58.Kh3 Qc1 59.Kh2 Qg5 60.Qd1 Qf6 61.Kg2 Qg5 62.Kf1 g6 63.hxg6 Qxg6 64.Qc2 Kf6
65.Qd3 Ke7 66.Qe3 Qg4 67.Kg2 h5 68.f3 Qg8 69.Qa7+ Kf6 70.Qxa5 Qb8 71.Qa6  1-0

[Event "TCh-HUN 2008-9"]
[Site "Decs HUN"]
[Date "2008.10.26"]
[Round "1"]
[White "Lorand,N"]
[Black "Papp,T1"]
[Result "0-1"]
[WhiteElo "2314"]
[BlackElo "2315"]

1.e4 c5 2.Nf3 e6 3.d4 cxd4 4.Nxd4 a6 5.Bd3 Qc7 6.c4 Nf6 7.Nc3 Nc6 8.Nxc6 dxc6
9.Be3 e5 10.h3 Nd7 11.a3 Bc5 12.Bxc5 Nxc5 13.b4 Ne6 14.c5 Nf4 15.Qf3 Be6
16.Ne2 O-O 17.Nxf4 exf4 18.O-O Qe5 19.Be2 a5 20.Rab1 axb4 21.axb4 Ra4 22.Bd1 Ra2
23.Re1 Rb2 24.Rxb2 Qxb2 25.Qxf4 Qxb4 26.Qe3 Ra8 27.Bc2 Qb2 28.Bd3 g6 29.f4 Ra3
30.e5 Qb3 31.f5 Bxf5 32.e6 Bxe6 33.Qe5 Qxd3 34.Qb8+ Kg7 35.Qe5+ Kf8 36.Qf6 Qf5
37.Qh8+ Ke7 38.Qb8 Qxc5+ 39.Kh1 Rd3  0-1

[Event "TCh-HUN 2008-9"]
[Site "Szombathely HUN"]
[Date "2008.10.26"]
[Round "1"]
[White "Gara,A"]
[Black "Lakos,N"]
[Result "1/2-1/2"]
[WhiteElo "2312"]
[BlackElo "2312"]

1.e4 c5 2.Nf3 e6 3.d4 cxd4 4.Nxd4 a6 5.Bd3 Qc7 6.O-O Bc5 7.Nb3 Be7 8.Qg4 Bf6
9.a4 Ne7 10.f4 e5 11.Qf3 Nbc6 12.f5 Nb4 13.Bd2 Nxd3 14.Qxd3 b6 15.a5 b5 16.Bb4 Bb7
17.Bd6 Qc4 18.Qxc4 bxc4 19.Nc5 Bc6 20.Nc3 Nc8 21.Bc7 d6 22.N5a4 Kd7 23.Bb6 Bd8
24.Rfd1 Bxa4 25.Nxa4 Bxb6+ 26.axb6 Kc6 27.Ra3 Rb8 28.Rc3 Nxb6 29.Nxb6 Rxb6
30.Rxc4+ Kd7 31.b3 Rc6 32.Rxc6 Kxc6 33.Kf2 Rb8 34.Ra1 Kb6 35.Ke3 Rc8 36.Kd3 a5
37.c4 Rc7 38.Kc3 f6 39.Rd1 Kc6 40.Rd5 Ra7 41.Kb2 a4 42.b4 a3+ 43.Ka2 Ra4
44.Rb5 Kc7 45.g4 h6 46.h4 Kc8 47.Rb6 Kc7 48.Rb5 Kc8 49.Rb6  1/2-1/2

[Event "WYCC Boys U16"]
[Site "Vung Tau City VIE"]
[Date "2008.10.26"]
[Round "7"]
[White "Dole,A"]
[Black "Morris,J"]
[Result "1/2-1/2"]
[WhiteElo "1997"]
[BlackElo "2087"]

1.e4 c5 2.Nf3 e6 3.d4 cxd4 4.Nxd4 a6 5.Bd3 Qb6 6.Nb3 Qc7 7.O-O b5 8.Be3 Bb7
9.a4 b4 10.N1d2 d6 11.Nc4 Nd7 12.a5 Ngf6 13.Nb6 Rd8 14.Qe2 Bxe4 15.Bxe4 Nxe4
16.Qxa6 d5 17.f3 Nec5 18.Qb5 Bd6 19.Nxc5 Bxc5 20.Bxc5 Qxc5+ 21.Qxc5 Nxc5
22.a6 Nd7 23.Nxd7 Kxd7 24.Ra4 Kc6 25.Rxb4 Rb8 26.Rxb8 Rxb8 27.Ra1 Kb6 28.Kf2 Ra8
29.Ke3 e5 30.Rd1 Kc6 31.Ra1 Kb6 32.f4 f6 33.Rd1 Kc6 34.fxe5 fxe5 35.b4 Rxa6
36.b5+ Kxb5 37.Rxd5+ Kc4 38.Rxe5 Ra7 39.Re8 Rc7 40.Rh8 h6 41.Rf8 Kc3 42.h4 Kxc2
43.h5 Re7+ 44.Kf4 Kd3 45.Kf5 Re3 46.Rd8+ Ke2 47.Rd6 Kf2 48.g4 Kg3 49.Rd4 Re7
50.Rd3+ Kh4 51.Rd4 Kg3 52.g5 hxg5 53.Kxg5 Re3 54.Rg4+ Kh3 55.Rh4+ Kg3 56.Ra4 Kh3
57.Kf4 Rg3  1/2-1/2

[Event "WYCC Boys U14"]
[Site "Vung Tau City VIE"]
[Date "2008.10.26"]
[Round "7"]
[White "Gaehwiler,G"]
[Black "Meskovs,N"]
[Result "1-0"]
[WhiteElo "2093"]
[BlackElo "2247"]

1.e4 c5 2.Nf3 e6 3.d4 cxd4 4.Nxd4 a6 5.Bd3 Qc7 6.O-O Nf6 7.Kh1 Be7 8.f4 d6
9.c4 Nbd7 10.Nc3 g6 11.f5 gxf5 12.exf5 e5 13.Ne6 fxe6 14.fxe6 Nb6 15.Bg5 Bxe6
16.Bxf6 Bxf6 17.Rxf6 Qe7 18.Qh5+ Bf7 19.Qh6 O-O-O 20.Qg7 Rde8 21.Raf1 Rhg8
22.Qxh7 Rh8 23.Qf5+ Nd7 24.Rxf7 Qh4 25.Qxd7+  1-0

[Event "Grand Prix CCAS"]
[Site "Cap D'Agde FRA"]
[Date "2008.10.27"]
[Round "4"]
[White "Fargere,Fr"]
[Black "Van Elst,A"]
[Result "1/2-1/2"]
[WhiteElo "2444"]
[BlackElo "2317"]

1.e4 c5 2.Nf3 e6 3.d4 cxd4 4.Nxd4 a6 5.Bd3 Nf6 6.O-O Qc7 7.Qe2 d6 8.c4 g6
9.Nc3 Bg7 10.Nf3 Nc6 11.Bf4 e5 12.Be3 Bg4 13.h3 Nd4 14.Bxd4 Bxf3 15.Qxf3 exd4
16.Nd5  1/2-1/2

[Event "Grand Prix CCAS"]
[Site "Cap D'Agde FRA"]
[Date "2008.10.28"]
[Round "5"]
[White "Baron,Th"]
[Black "Mullon,J"]
[Result "0-1"]
[WhiteElo "2259"]
[BlackElo "2354"]

1.e4 c5 2.Nf3 e6 3.d4 cxd4 4.Nxd4 a6 5.Bd3 Bc5 6.Nb3 Be7 7.Qg4 g6 8.Nc3 Nc6
9.Qg3 d6 10.O-O b5 11.f4 b4 12.Ne2 Nf6 13.c4 e5 14.h3 Qc7 15.Be3 Nd8 16.fxe5 dxe5
17.Bg5 Nh5 18.Qh4 Ne6 19.Bxe7 Qxe7 20.Qxe7+ Kxe7 21.Rfd1 a5 22.a3 Bd7 23.axb4 axb4
24.Kf2 Ba4 25.Nec1 Nhf4 26.Rd2 h5 27.h4 g5 28.hxg5 h4 29.Bf1 Nxg5 30.Ke3 Nge6
31.Rf2 Rhg8 32.Nd2 Nd4 33.Nf3 Nxf3 34.Rxf3 Bd1 35.Rxa8 Rxa8 36.Rf2 Rg8 37.Kd2 Bg4
38.Na2 Rb8 39.Kc2 b3+  0-1

[Event "TCh-CHN Torch Real Estate Cup"]
[Site "Jiangsu Wuxi CHN"]
[Date "2008.10.29"]
[Round "11"]
[White "Zhang Pengxiang"]
[Black "Lin Chen"]
[Result "1-0"]
[WhiteElo "2640"]
[BlackElo "2406"]

1.e4 c5 2.Nf3 e6 3.d4 cxd4 4.Nxd4 a6 5.Bd3 Nf6 6.O-O Qc7 7.Nd2 Nc6 8.Nxc6 dxc6
9.a4 e5 10.Nc4 Be6 11.Qf3 Nd7 12.a5 f6 13.Qh5+ g6 14.Qe2 Bc5 15.Kh1 O-O 16.c3 Kg7
17.b4 Ba7 18.Ne3 Rfe8 19.Bc4 Nf8 20.Ng4 Qf7 21.Bh6+ Kh8 22.Bxe6 Qxe6 23.Rad1 Rad8
24.h3 Nd7 25.Rd3 f5 26.Rfd1 fxg4 27.Qxg4 Qxg4 28.hxg4 Bxf2 29.Rxd7 Rxd7 30.Rxd7 Bg3
31.Kg1 Be1 32.Rd3  1-0

[Event "TCh-CHN Torch Real Estate Cup"]
[Site "Jiangsu Wuxi CHN"]
[Date "2008.10.30"]
[Round "12"]
[White "Li Chao"]
[Black "Jia Haoxiang"]
[Result "1-0"]
[WhiteElo "2320"]
[BlackElo "2249"]

1.e4 c5 2.Nf3 e6 3.d4 cxd4 4.Nxd4 a6 5.Bd3 Nf6 6.O-O Qc7 7.Qe2 d6 8.f4 Nbd7
9.c4 Be7 10.b3 b6 11.Bb2 Bb7 12.Nd2 O-O 13.Rae1 Rfd8 14.Bb1 e5 15.Nf5 Bf8
16.Ne3 b5 17.Kh1 bxc4 18.Nexc4 exf4 19.Rc1 Qb8 20.Na5 Re8 21.Rxf4 d5 22.Rcf1 Bd6
23.Rxf6 Nxf6 24.Bxf6 gxf6 25.Qf3 Be5 26.exd5 Qc7 27.Ndc4 Rad8 28.Nxb7 Qxb7
29.Ne3 Qb4 30.Qh5 Bf4 31.Qxh7+ Kf8 32.Nf5  1-0

[Event "WYCC Boys U16"]
[Site "Vung Tau City VIE"]
[Date "2008.10.30"]
[Round "11"]
[White "Ralys,V"]
[Black "Setiabudi,A"]
[Result "1/2-1/2"]
[WhiteElo "1900"]
[BlackElo "1865"]

1.e4 c5 2.Nf3 e6 3.d4 cxd4 4.Nxd4 a6 5.Bd3 Qc7 6.O-O Nf6 7.c4 b6 8.Nc3 Bb7
9.Be3 d6 10.f4 Nbd7 11.Rc1 Nc5 12.Bb1 Ncxe4 13.Nxe4 Nxe4 14.Bxe4 Bxe4 15.f5 e5
16.Qg4 Bb7 17.f6 g6 18.Ne6 Qc8 19.Ng7+ Bxg7 20.fxg7 Rg8 21.Qh4 f5 22.Qf6 Qd7
23.Rfd1 Qe7 24.Rxd6 Qxf6 25.Rxf6  1/2-1/2

[Event "Grand Prix CCAS"]
[Site "Cap D'Agde FRA"]
[Date "2008.10.31"]
[Round "8"]
[White "Collas,D"]
[Black "Laclau,D"]
[Result "1-0"]
[WhiteElo "2451"]
[BlackElo "2268"]

1.e4 c5 2.Nf3 e6 3.d4 cxd4 4.Nxd4 a6 5.Bd3 Bc5 6.Nb3 Ba7 7.Qg4 Nf6 8.Qg3 d6
9.O-O Nc6 10.Nc3 b5 11.Kh1 b4 12.Nd1 O-O 13.Bh6 Ne8 14.Be3 Qc7 15.Bxa7 Rxa7
16.Ne3 Nf6 17.f4 Bb7 18.Nd2 Rd8 19.Ndc4 d5 20.exd5 Nxd5 21.Nxd5 Rxd5 22.Qf2 Rd4
23.Rad1 g6 24.Ne5 Ra8 25.Ng4 Rad8 26.Rde1 Kg7 27.Qh4 Qe7 28.Qh6+ Kh8 29.h3 Qf8
30.Qh4 Qg7 31.Qf2 h5 32.Ne5 Nxe5 33.fxe5 Kg8 34.Qe3 R8d7 35.Rf6 R4d5 36.Ref1 a5
37.Qg5 Bc6 38.Bxg6 Rd2 39.Bxf7+  1-0

[Event "TCh-NED 2008-9"]
[Site "Netherlands NED"]
[Date "2008.11.01"]
[Round "2"]
[White "Jens,J"]
[Black "Hoeksema,E"]
[Result "1/2-1/2"]
[WhiteElo "2397"]
[BlackElo "2335"]

1.e4 c5 2.Nf3 e6 3.d4 cxd4 4.Nxd4 a6 5.Bd3 Bc5 6.Nb3 Be7 7.O-O d6 8.c4 Nf6
9.Nc3 Nc6 10.f4 O-O 11.Kh1 b6 12.Qe2 Bb7 13.Rf3 g6 14.Rh3 Nd7 15.Bd2 Bf6
16.Rf1 Nc5 17.Nxc5 bxc5 18.e5 Bg7 19.exd6 Nd4 20.Qf2 Qxd6 21.Qh4 h5 22.Be4 Rab8
23.Bxb7 Rxb7 24.Ne4 Qc6 25.Nf6+ Bxf6 26.Qxf6 Rxb2 27.Rxh5 gxh5 28.Qg5+ Kh7
29.Qxh5+ Kg8 30.Qg5+ Kh7 31.Qh5+  1/2-1/2

[Event "8th Rohde Open"]
[Site "Sautron FRA"]
[Date "2008.11.01"]
[Round "9"]
[White "Vocaturo,D"]
[Black "Tissir,M"]
[Result "1-0"]
[WhiteElo "2383"]
[BlackElo "2463"]

1.e4 c5 2.Nf3 e6 3.d4 cxd4 4.Nxd4 a6 5.Bd3 Bc5 6.Nb3 Ba7 7.Qe2 Nc6 8.Be3 d6
9.Nc3 Nge7 10.f4 O-O 11.O-O-O Qc7 12.Rhe1 b5 13.Bxa7 Rxa7 14.e5 dxe5 15.fxe5 b4
16.Nb1 a5 17.a4 Ng6 18.Bxg6 hxg6 19.N1d2 Ne7 20.Nf3 Bd7 21.Ng5 Nf5 22.Nd4 Bxa4
23.Nxf5 exf5 24.e6 Qf4+ 25.Qd2 Qxd2+ 26.Rxd2 f6 27.Nf3 Bc6 28.Nh4 Kh7 29.Rd3 Kh6
30.Rg3 Be4 31.Rh3 Kg5 32.Ree3 f4 33.Rxe4 f5 34.e7  1-0

[Event "TCh-HUN 2008-9"]
[Site "Budapest HUN"]
[Date "2008.11.02"]
[Round "2"]
[White "Lorand,N"]
[Black "Szieberth,A"]
[Result "1/2-1/2"]
[WhiteElo "2314"]
[BlackElo "2334"]

1.e4 c5 2.Nf3 e6 3.d4 cxd4 4.Nxd4 a6 5.Bd3 Bc5 6.Nb3 Be7 7.Qg4 Bf6 8.O-O Ne7
9.f4 d6 10.c3 Nbc6 11.Qe2 g6 12.N1d2 O-O 13.Nf3 Bg7 14.Be3 b5 15.a4 b4 16.c4 d5
17.cxd5 exd5 18.e5 f6 19.Bc5 fxe5 20.Nxe5 Nxe5 21.fxe5 Rxf1+ 22.Rxf1 Bf5
23.Bxa6 Qc7 24.Rc1 Bxe5 25.Bxb4 Qb6+ 26.Bc5 Qf6 27.Bb5 Be4 28.Qf2 Nf5 29.Bb6 Qg5
30.Bc6 Rb8 31.a5 Nd4 32.h4 Qg4 33.Nxd4 Rf8 34.Bd7 Qxd7 35.Qe2 Rf6 36.Bc5 Qc7
37.Nb3 Rf4 38.Be3 Qf7 39.Bxf4 Qxf4 40.Rc8+ Kg7 41.Rc3 Qh2+ 42.Kf1 Qh1+ 43.Kf2 Qxh4+
44.Kf1 Qh1+ 45.Kf2 Qxg2+ 46.Ke1 Bxc3+ 47.bxc3 Qg1+ 48.Kd2 Qb1 49.Qb5 Qb2+
50.Ke3 Qxc3+ 51.Kf2 Qf3+ 52.Ke1 Qe3+ 53.Kd1 h5 54.a6 Bd3 55.Qb7+ Kh6 56.Nc1 Be4
57.a7 Bf3+ 58.Kc2 d4 59.a8=Q Qc3+ 60.Kb1 Bxb7 61.Qf8+ Kg5 62.Qe7+ Kh6 63.Qf8+ Kg5
64.Qe7+ Kg4 65.Qxb7 h4 66.Qe4+ Kh5 67.Qe5+  1/2-1/2

[Event "FSIMA November"]
[Site "Budapest HUN"]
[Date "2008.11.03"]
[Round "3"]
[White "Kislik,E"]
[Black "Humphrey,J"]
[Result "0-1"]
[WhiteElo "2278"]
[BlackElo "2330"]

1.e4 c5 2.Nf3 e6 3.d4 cxd4 4.Nxd4 a6 5.Bd3 Nc6 6.Nxc6 dxc6 7.Be3 Nf6 8.Nd2 e5
9.h3 Be6 10.Qf3 Qc7 11.O-O Be7 12.Rfd1 O-O 13.Nf1 c5 14.Bg5 Ne8 15.Bxe7 Qxe7
16.Ne3 Nd6 17.Bf1 Rad8 18.Nd5 Bxd5 19.Rxd5 Nb5 20.Bxb5 Rxd5 21.exd5 axb5
22.Rd1 Qd6 23.Qb3 b4 24.Qa4 g6 25.a3 Rc8 26.Qb5 b6 27.Qa6 Rd8 28.c4 bxc3
29.bxc3 c4 30.Qa7 Kg7 31.a4 Qc5 32.Qb7 Rd6 33.Kf1 Rf6 34.Rd2 Qe3 35.Rc2 Qd3+
36.Re2 Qxc3 37.Qe7 Qa1+ 38.Re1 Qxa4 39.Qxe5 Qb4 40.Qd4 b5 41.g4 g5 42.h4 h6
43.hxg5 hxg5 44.Qe5 Qd2 45.Re2 Qc1+ 46.Re1 Qf4 47.Qxf4 gxf4  0-1

[Event "Russia Cup Final w"]
[Site "Serpuhov RUS"]
[Date "2008.11.06"]
[Round "1.4"]
[White "Kryukova,I"]
[Black "Girya,O"]
[Result "1/2-1/2"]
[WhiteElo "2258"]
[BlackElo "2332"]

1.e4 c5 2.Nf3 e6 3.d4 cxd4 4.Nxd4 a6 5.Bd3 Bc5 6.Nb3 Ba7 7.O-O Nc6 8.c4 d6
9.Nc3 Nge7 10.Kh1 O-O 11.f4 Ng6 12.Qf3 f5 13.exf5 exf5 14.Be3 Bxe3 15.Qxe3 Re8
16.Qf3 Be6 17.Rad1 Qf6 18.Rfe1 Qf7 19.Nd2 Re7 20.Qf2 Rae8 21.b3 Qf6 22.Ndb1 Bf7
23.Rxe7 Rxe7 24.Bf1 Re8 25.g3 Nf8 26.Bg2 Nd7 27.Qd2 Nc5 28.Nd5 Qh6 29.Nbc3 Ne4
30.Nxe4 fxe4 31.Ne3 Qh5 32.Re1 Qc5 33.h3 h6 34.Kh2 Nd4 35.Qf2 Nf5 36.Qd2 Nxe3
37.Rxe3 d5 38.cxd5 Bxd5  1/2-1/2

[Event "38th Olympiad"]
[Site "Dresden GER"]
[Date "2008.11.15"]
[Round "3"]
[White "Jones,Ri"]
[Black "Meier,Geo"]
[Result "1/2-1/2"]
[WhiteElo "2075"]
[BlackElo "2558"]

1.e4 c5 2.Nf3 e6 3.d4 cxd4 4.Nxd4 a6 5.Bd3 Bc5 6.Nb3 Be7 7.Qg4 g6 8.Qe2 d6
9.O-O Nd7 10.Na3 Qc7 11.Nc4 b5 12.Nca5 Ngf6 13.Bh6 Ne5 14.h3 Bf8 15.Bxf8 Kxf8
16.f4 Qb6+ 17.Kh2 Nxd3 18.Qxd3 Kg7 19.e5 dxe5 20.fxe5 Qc7 21.Kh1 Nd5 22.Qe4 Bd7
23.Rac1 b4 24.c4 bxc3 25.bxc3 Bc6 26.Qf3 Rhf8 27.Nxc6 Qxc6 28.c4 Nb4 29.Qf6+ Kg8
30.Nd4 Qc5 31.Rcd1 Qxc4 32.Nf3 Nd5 33.Qg5 Qf4 34.Qxf4 Nxf4 35.Rd7 h6 36.Nd4 g5
37.Nc6 Kg7 38.Rb1 Rac8 39.Rb6 Ng6 40.Ra7 Nf4 41.Rbxa6 Nd5 42.a4 h5 43.Kh2 Kg6
44.a5 Kf5 45.Rb7 h4 46.Rb1 Rc7 47.Rf1+ Kg6 48.Nd4 Rb8 49.Rc6 Rd7 50.Rd6 Rc7
51.Rc6 Rb4 52.Rxc7 Nxc7 53.Nc6 Ra4 54.Rf6+ Kg7 55.Nd8 Nd5 56.Rxf7+ Kg6 57.Rf2 Nf4
58.Nxe6 Nxe6 59.Rf6+ Kg7 60.Rxe6 Rxa5 61.Kg1 Ra4  1/2-1/2

[Event "38th Olympiad w"]
[Site "Dresden GER"]
[Date "2008.11.17"]
[Round "5"]
[White "Linares Napoles,O"]
[Black "Gevorgyan,I"]
[Result "1/2-1/2"]
[WhiteElo "2262"]
[BlackElo "2179"]

1.e4 c5 2.Nf3 e6 3.d4 cxd4 4.Nxd4 a6 5.Bd3 Nf6 6.O-O Qc7 7.Qe2 d6 8.c4 Nbd7
9.Nc3 Be7 10.Be3 O-O 11.Rfc1 Ne5 12.f3 b6 13.a4 Bb7 14.Nb3 Nfd7 15.Nd2 Rfc8
16.b3 Qd8 17.Bb1 Bf6 18.Ra2 Nc6 19.Nf1 Nc5 20.Qd1 Qe7 21.Re2 Rd8 22.Nd5 exd5
23.exd5 Ne5 24.f4 a5 25.fxe5 Bxe5 26.Rf2 Re8 27.Bc2 Bc8 28.Bf4 Bxf4 29.Rxf4 Qe2
30.Qd4 Ra7 31.Rf2 Qg4 32.Rf4 Qe2 33.Rf2 Qe5 34.Qh4 h6 35.Rb1 Na6 36.Ng3 Qe3
37.Rf1 Rae7 38.Bf5 Bb7 39.Bc2 Bc8 40.Bf5 Bb7 41.Bc2  1/2-1/2

[Event "38th Olympiad w"]
[Site "Dresden GER"]
[Date "2008.11.22"]
[Round "9"]
[White "Zsiltzova Lisenko,L"]
[Black "Pourkashiyan,A"]
[Result "0-1"]
[WhiteElo "2265"]
[BlackElo "2241"]

1.e4 c5 2.Nf3 e6 3.d4 cxd4 4.Nxd4 a6 5.Bd3 Bc5 6.Nb3 Be7 7.Nc3 d6 8.O-O Nf6
9.f4 Nc6 10.Qe2 Qc7 11.Bd2 b5 12.Rae1 b4 13.Na4 O-O 14.Kh1 Bd7 15.Be3 Rab8
16.e5 dxe5 17.Nac5 e4 18.Nxe4 Bc8 19.f5 e5 20.Nxf6+ Bxf6 21.Nc5 Nd4 22.Bxd4 exd4
23.Nxa6 Bxa6 24.Bxa6 Ra8 25.Bc4 h6 26.Bb3 Ra5 27.Qg4 Qd6 28.Qf3 Be5 29.Qb7 Qf6
30.Re4 Bd6 31.Qd7 Raa8 32.Qb5 Rad8 33.Qc4 d3 34.cxd3 Qxb2 35.f6 g6 36.Re7 Rc8
37.Qg4 Kh7 38.Bxf7 Qxf6 39.Bxg6+ Kg8 40.Bf5+ Qg5 41.Qxg5+ hxg5 42.Be6+ Kh8
43.Ref7 Rxf7 44.Bxf7 Kg7 45.Be6 Re8 46.Bg4 Ra8 47.Be6 Re8 48.Bc4 Rh8 49.h3 g4
50.Rf7+ Kg6 51.Rd7 Be5 52.Re7 Kf6 53.Rb7 Bc3 54.Kh2 Be1 55.Rf7+ Kg6 56.Rf4 g3+
57.Kg1 Kg5 58.Re4 Bf2+ 59.Kf1 Rf8 60.Ke2 Kh5 61.d4 Bg1 62.Kd3 Rf1 63.d5 Bf2
64.Re2 Bc5 65.Ke4 Kg5 66.Ke5 Rf7 67.d6 Rf5+ 68.Ke6 Rf6+ 69.Kd5 Bxd6 70.Re8 Bf8
71.Be2 Rf2 72.Bf3 Bg7 73.Re4 Rxa2 74.Rxb4 Ra5+ 75.Ke6 Ra6+ 76.Kf7 Ra7+ 77.Kg8 Be5
78.Rg4+ Kf6 79.Be4 Rf7 80.Bd5 Rd7 81.Bc6 Rd8+ 82.Kh7 Kf7 83.Kh6 Rd6+ 84.Kg5 Rxc6
85.Kf5 Bc7 86.Ra4 Rc2 87.Ra7 Ke7 88.h4 Kd7 89.h5 Rxg2 90.h6 Rh2 91.Ra6 g2
92.Rg6 Bb6 93.h7 g1=Q  0-1

[Event "38th Olympiad"]
[Site "Dresden GER"]
[Date "2008.11.22"]
[Round "9"]
[White "Ragger,M"]
[Black "Kveinys,A"]
[Result "1-0"]
[WhiteElo "2518"]
[BlackElo "2533"]

1.e4 c5 2.Nf3 e6 3.d4 cxd4 4.Nxd4 a6 5.Bd3 Qc7 6.O-O Nf6 7.Qe2 d6 8.c4 g6
9.Nc3 Bg7 10.Nf3 Nc6 11.h3 Nd7 12.Bd2 Nde5 13.Rac1 O-O 14.Rfd1 Bd7 15.b3 f5
16.exf5 gxf5 17.Bb1 Nxf3+ 18.Qxf3 Nd4 19.Qd3 Rae8 20.Be3 e5 21.Bxd4 exd4
22.Nd5 Qd8 23.Qg3 Kh8 24.Qxd6 f4 25.Nxf4 Qg5 26.Qxd7 Qxf4 27.Rc2 Re5 28.Qg4 Qf6
29.Rcd2 Rfe8 30.g3 Qc6 31.Rf1 Re1 32.Bd3 R1e5 33.Qh4 Qh6 34.Qxh6 Bxh6 35.Rc2 Bf8
36.Kg2 Bb4 37.Kf3 Rf8+ 38.Kg2 Rfe8 39.g4 Kg7 40.Kf3 Rf8+ 41.Kg2 Rfe8 42.Rd1 a5
43.Kf3 Bc5 44.Re2 Rxe2 45.Bxe2 Kf6 46.Bd3 h6 47.Be4 b6 48.Re1 Kg5 49.h4+ Kf6
50.Re2 Bd6 51.Bd3 Rxe2 52.Bxe2 Bb4 53.Bd3 Bd2 54.Ke4 Be1 55.g5+ hxg5 56.hxg5+ Kxg5
57.f4+ Kf6 58.Kd5 Bd2 59.Kc6 Bxf4 60.Kxb6 Ke7 61.c5 Kd8 62.Kb7  1-0

[Event "38th Olympiad"]
[Site "Dresden GER"]
[Date "2008.11.23"]
[Round "10"]
[White "Tologontegin,S"]
[Black "Teerapabpaisit,W"]
[Result "1/2-1/2"]
[WhiteElo "2359"]
[BlackElo "2306"]

1.e4 c5 2.Nf3 e6 3.d4 cxd4 4.Nxd4 a6 5.Bd3 Nf6 6.O-O Qc7 7.Be3 d5 8.Nd2 Nc6
9.Nxc6 bxc6 10.c4 Bd6 11.f4 d4 12.Bxd4 Bxf4 13.Rxf4 Qxf4 14.Qe2 e5 15.Bc5 Bg4
16.Qe1 Nd7 17.Be3 Qf6 18.c5 O-O 19.Nc4 Rfb8 20.b4 Be6 21.Nb6 Nxb6 22.cxb6 Qd8
23.Rd1 Rxb6 24.Bc4 Qc7 25.Bxe6 fxe6 26.Bxb6 Qxb6+ 27.Kh1 a5 28.a3 axb4 29.axb4 Rb8
30.h3 h6 31.Qc3 Qc7 32.Qc5 Rb5 33.Qc4 Qe7 34.Rb1 Qd6 35.Kh2 Kh7 36.Rb3 Rb7
37.Rb1 Ra7 38.Rb3 Ra4 39.Rb1 Ra3 40.Rc1 Qd2 41.Qxc6 Ra2 42.Rg1 Rc2 43.Qxe6 Qf4+
44.Kh1 Qxe4 45.b5 Rb2 46.b6 h5 47.Qf7 Rxb6 48.Qxh5+ Rh6 49.Qf3 Qxf3 50.gxf3 Rxh3+
51.Kg2 Rh5 52.Kf2 g6 53.Ke3 Kh6 54.Ra1 Rf5 55.Ra8 Kg5 56.Rh8 Rf6 57.Re8 Kf5
58.Ra8 Rf7 59.Re8 Ra7 60.Rf8+ Ke6 61.Re8+ Kf6 62.Rf8+ Ke7 63.Rb8 Ra4 64.Rb6 Kf7
65.Rc6 Rf4 66.Ra6 Rf6 67.Ra7+ Ke6 68.Ra8 Kf5 69.Re8 Rf7 70.Ra8 Re7 71.Rf8+ Kg5
72.Ke4 Re6 73.Rh8 Rf6 74.Re8 Rf4+ 75.Ke3  1/2-1/2

[Event "UTD Invitational GM"]
[Site "Richardson USA"]
[Date "2008.11.26"]
[Round "2"]
[White "Boskovic,D"]
[Black "Bercys,S"]
[Result "1/2-1/2"]
[WhiteElo "2452"]
[BlackElo "2428"]

1.e4 c5 2.Nf3 e6 3.d4 cxd4 4.Nxd4 a6 5.Bd3 Bc5 6.Nb3 Ba7 7.Nc3 Ne7 8.Qe2 Nbc6
9.Be3 e5 10.Bxa7 Rxa7  1/2-1/2

[Event "21st Belgrade Trophy"]
[Site "Obrenovac SRB"]
[Date "2008.11.28"]
[Round "2"]
[White "Draskovic,L"]
[Black "Pusonja,N"]
[Result "1-0"]
[WhiteElo "1988"]
[BlackElo "1651"]

1.e4 c5 2.Nf3 e6 3.d4 cxd4 4.Nxd4 a6 5.Bd3 Bc5 6.Nb3 Be7 7.Nc3 Qc7 8.Be3 Nf6
9.O-O b5 10.f4 d6 11.a4 b4 12.Na2 Bb7 13.Nxb4 Nxe4 14.Bxe4 Bxe4 15.Qd4 d5
16.Qxg7 Rf8 17.c3 Nd7 18.Qd4 Rg8 19.Rf2 a5 20.Na2 Qb7 21.Nac1 h5 22.Qd2 Bh4
23.g3 Be7 24.Nd4 Nf6 25.Re2 h4 26.Bf2 Nh5 27.Rxe4 dxe4 28.Nce2 h3 29.Be3 Rd8
30.Kf2 Nf6 31.Rb1 Ng4+ 32.Kg1 Bc5 33.Rd1 e5 34.fxe5 Nxe5 35.Qc2 Nf3+ 36.Kh1 Nxd4
37.cxd4 Be7 38.Nc3 f5 39.Qe2 Rh8 40.Nb5 Qc6 41.d5 Qg6 42.Qc4 Bd6 43.Rf1 Rh7
44.Bb6 Rb8 45.Qc6+ Rd7 46.Bc7 Rc8 47.Nxd6+ Qxd6 48.Qxd6 Rxd6 49.Bxd6 Rd8
50.Bf4 Rxd5 51.Kg1 Rd4 52.b3 Ke7 53.Kf2 Ke6 54.Rc1 Kd5 55.Ke2 Rb4 56.Rc3 Kd4
57.Rc4+ Rxc4 58.bxc4 Kxc4 59.Bd2 Kb3 60.Bxa5 Kxa4 61.Bb6 Kb4 62.Ke3 Kc4 63.Kf4 Kd3
64.Kxf5 e3 65.Kg4 e2 66.Ba5  1-0